States of matter. / (Record no. 9762)
[ view plain ]
| 000 -LEADER | |
|---|---|
| fixed length control field | 00712nam a22002531 4500 |
| 001 - CONTROL NUMBER | |
| control field | 9762 |
| 003 - CONTROL NUMBER IDENTIFIER | |
| rucl marc code | BD-RjUL |
| 005 - DATE AND TIME OF LATEST TRANSACTION | |
| control field | 20211208234831.0 |
| 008 - FIXED-LENGTH DATA ELEMENTS--GENERAL INFORMATION | |
| fixed length control field | 140121s1961 stk 1 0 eng d |
| 035 ## - SYSTEM CONTROL NUMBER | |
| System control number | (BD-RjUL)9807 |
| System control number | (BD-RjUL) |
| 040 ## - CATALOGING SOURCE | |
| Original cataloging agency | BD-RjUL |
| Language of cataloging | eng |
| Transcribing agency | BD-RjUL |
| 041 ## - LANGUAGE CODE | |
| Language code of text/sound track or separate title | eng |
| 082 00 - DEWEY DECIMAL CLASSIFICATION NUMBER | |
| Classification number | 541.2 |
| Author mark and year | MOS 1961 |
| 100 2# - MAIN ENTRY--PERSONAL NAME | |
| Personal name | Moelwyn-Hughes, Emyr Alun. |
| 9 (RLIN) | 30090 |
| 245 10 - TITLE STATEMENT | |
| Title | States of matter. / |
| Statement of responsibility, etc. | by Emyr Alun Moelwyn-Hughes |
| 260 ## - PUBLICATION, DISTRIBUTION, ETC. (IMPRINT) | |
| Place of publication, distribution, etc. | Edinb. : |
| Name of publisher, distributor, etc. | Oliver and Boyd, |
| Date of publication, distribution, etc. | 1961. |
| 300 ## - PHYSICAL DESCRIPTION | |
| Pagination | 100 p. : |
| Illustrations | ill., |
| Size | 23 cm. |
| 504 ## - BIBLIOGRAPHY, ETC. NOTE | |
| Bibliography, etc | Includes index. |
| 650 #0 - SUBJECT ADDED ENTRY--TOPICAL TERM | |
| Topical term or geographic name as entry element | Molecular dynamics. |
| 9 (RLIN) | 30175 |
| Topical term or geographic name as entry element | Chemical equilibrium. |
| 9 (RLIN) | 28296 |
| Topical term or geographic name as entry element | Matter |
| General subdivision | Constitution. |
| 9 (RLIN) | 25294 |
| 942 ## - ADDED ENTRY ELEMENTS (KOHA) | |
| Source of classification or shelving scheme | Dewey Decimal Classification |
| Koha item type | Books |
| Lost status | Source of classification or shelving scheme | Damaged status | Not for loan | Collection code | Permanent Location | Current Location | Shelving location | Date acquired | Source of acquisition | Cost, normal purchase price | Total Checkouts | Full call number | Date last seen | Copy number | Koha item type |
|---|---|---|---|---|---|---|---|---|---|---|---|---|---|---|---|
| Dewey Decimal Classification | Non-fiction | Central Library, University of Rajshahi | Central Library, University of Rajshahi | 06/04/1967 | Euro-Pak | 13.05 | 541.2 MOS 1961 | 21/01/2014 | C-3 | Books | |||||
| Dewey Decimal Classification | Not For Loan | Non-fiction | Central Library, University of Rajshahi | Central Library, University of Rajshahi | Reading Room | 06/04/1967 | Euro-Pak | 13.05 | 541.2 MOS 1961 | 14/05/2017 | C-1 | Books | |||
| Dewey Decimal Classification | Non-fiction | Central Library, University of Rajshahi | Central Library, University of Rajshahi | 06/04/1967 | Euro-Pak | 13.05 | 541.2 MOS 1961 | 14/05/2017 | C-2 | Books |